Influencia del poder naval en la historia de Chile, desde 1810 a 1910
Αποθηκεύτηκε σε:
| Κύριοι συγγραφείς: | , , |
|---|---|
| Μορφή: | Βιβλίο |
| Γλώσσα: | Ισπανικά |
| Έκδοση: |
Valparaíso, Chile
Imprenta de la Armada
1911
|
| Έκδοση: | Primera edición |
| Θέματα: | |
| Ετικέτες: |
Προσθήκη ετικέτας
Δεν υπάρχουν, Καταχωρήστε ετικέτα πρώτοι!
|
MARC
| LEADER | 00000nam a2200000 a 4500 | ||
|---|---|---|---|
| 001 | UCO2024 | ||
| 003 | CL-VaPUC | ||
| 005 | 20241021164757.0 | ||
| 008 | 000602e19110000CL |||||||||||||||||spa|d | ||
| 999 | |c 288569 |d 288567 | ||
| 040 | |c Pontificia Universidad Católica de Valparaíso | ||
| 082 | 0 | 4 | |a 983.04 LAN 1911 |2 21 |
| 100 | 0 | |a Langlois, Luis |e author |9 444684 | |
| 245 | 1 | 0 | |a Influencia del poder naval en la historia de Chile, desde 1810 a 1910 |
| 246 | 1 | 0 | |a Nociones sobre las operaciones del ejército y la marina |
| 246 | 1 | 3 | |a La guerra en el mar |b : estratejia y táctica. Primera parte: principios fundamentales |
| 250 | |a Primera edición | ||
| 260 | |a Valparaíso, Chile |b Imprenta de la Armada |c 1911 | ||
| 300 | |a pag. irreg | ||
| 500 | |a Incluye fotografías | ||
| 583 | |a last modification |c 20000602 00:00:00 |k Rodrigo Vera | ||
| 650 | 7 | |a HISTORIA DE CHILE |2 CL-VaPUC |9 444688 |y 1810-1910 | |
| 650 | 0 | |a Historia naval |z CHILE |9 268284 | |
| 650 | 0 | |a Guerra del Pacífico |9 314886 | |
| 650 | 7 | |a GUERRA CIVIL DE 1891 |2 CL-VaPUC |9 408173 |z CHILE | |
| 650 | 7 | |a COMBATE DE PUNTA GRUESA |2 CL-VaPUC |9 444689 | |
| 650 | 0 | |a Operaciones militares |z CHILE |9 372045 | |
| 700 | 0 | |a Bribe, Ch |e author |9 444685 | |
| 700 | 0 | |a Darrieus, Gabriel |e author |9 444686 | |
| 852 | |a BIBCUR | ||
| 942 | |c BK |2 ddc | ||
| 945 | |d 20000602 00:00:00 |a crobeson | ||
| 952 | |0 0 |1 0 |2 ddc |4 0 |6 983_040000000000000_LAN_1911 |7 0 |8 X |9 336333 |a BIBHIS |b BIBHIS |d 2019-11-20 |i 1277545 |o 983.04 LAN 1911 |p 1277545 |r 2024-01-30 |t 1 |w 2019-11-20 |y BK_X |k HIS | ||
| 952 | |0 0 |1 0 |2 ddc |4 0 |6 983_040000000000000_LAN_1911 |7 0 |8 X |9 336334 |a FDOBUD |b FDOBUD |d 2019-11-20 |i 1009966 |o 983.04 LAN 1911 |p 1009966 |r 2019-11-20 |t 2 |w 2019-11-20 |y BK_X |k BUD | ||